00513nam a2200169Ia 4500003000400000005001700004008004000021020001500061040000700076041000800083082001500091100001700106245008900123260003800212300000900250650008400259OSt20251028111033.0210210b1981 xxu||||| |||| 00| 0 eng d a0333268245 cAL aeng a820.9 DYSC aDyson A E Ed aConrad Heart of darkness Nostromo and under western eyesb: casebooks ed by C B Cox aLondonbMacmillan Press Ltdc1981 a224p aConrad Heart of Darkness Nostromo under western eyes critical Essays Case Books